Xã hội học môi trường
Đã lưu trong:
| 主要作者: | |
|---|---|
| 格式: | 圖書 |
| 語言: | Undetermined |
| 出版: |
KHKT
|
| 標簽: |
添加標簽
沒有標簽, 成為第一個標記此記錄!
|
| Thư viện lưu trữ: | Trung tâm Học liệu Trường Đại học Cần Thơ |
|---|
| LEADER | 00369nam a2200133Ia 4500 | ||
|---|---|---|---|
| 001 | CTU_50001 | ||
| 008 | 210402s9999 xx 000 0 und d | ||
| 082 | |a 333.716 | ||
| 082 | |b Đ104 | ||
| 100 | |a VŨ CAO ĐÀM | ||
| 245 | 0 | |a Xã hội học môi trường | |
| 245 | 0 | |c VŨ CAO ĐÀM | |
| 260 | |b KHKT | ||
| 980 | |a Trung tâm Học liệu Trường Đại học Cần Thơ | ||